Los informes comerciales y el derecho a la información (Record no. 107726)

MARC details
000 -LEADER
fixed length control field 00731cam a2200205 4500
005 - DATE AND TIME OF LATEST TRANSACTION
control field 20230221084537.0
008 - FIXED-LENGTH DATA ELEMENTS--GENERAL INFORMATION
fixed length control field 230119b ag ||||| |||| 00| 0 spa d
020 ## - INTERNATIONAL STANDARD BOOK NUMBER
International Standard Book Number 9505691270
050 04 - LIBRARY OF CONGRESS CALL NUMBER
Classification number KHA3015
Item number R85 1998
100 1# - MAIN ENTRY--PERSONAL NAME
Personal name Ruiz Martínez, Esteban
245 14 - TITLE STATEMENT
Title Los informes comerciales y el derecho a la información
Statement of responsibility, etc / Esteban Ruiz Martínez ; prólogo de Enrique M. Butty.
250 ## - EDITION STATEMENT
Edition statement 1a ed.
260 ## - PUBLICATION, DISTRIBUTION, ETC. (IMPRINT)
Place of publication, distribution, etc Buenos Aires :
Name of publisher, distributor, etc Ábaco de Rodolfo Depalma,
Date of publication, distribution, etc 1998
300 ## - PHYSICAL DESCRIPTION
Extent 262 p. ;
Dimensions 23 cm
504 ## - BIBLIOGRAPHY, ETC. NOTE
Bibliography, etc Incluye bibliografía : p. 257-262
650 #7 - SUBJECT ADDED ENTRY--TOPICAL TERM
Source of heading or term lemb
Topical term or geographic name as entry element Libertad de información
Geographic subdivision Argentina
650 #7 - SUBJECT ADDED ENTRY--TOPICAL TERM
Source of heading or term lemb
Topical term or geographic name as entry element Derecho a la privacidad
Geographic subdivision Argentina
700 1# - ADDED ENTRY--PERSONAL NAME
Personal name Butty, Enrique M.,
Relator term prologuista
942 ## - ADDED ENTRY ELEMENTS (KOHA)
Source of classification or shelving scheme Biblioteca del Cogreso de los Estados Unidos
Koha item type Libro
Holdings
Estado de pérdida Fuente de clasificación Estado del daño No para préstamo Ubicación permanente Ubicación actual Apartado o colección Fecha de adquisición Fuente de adquisición Edición Área del conocimiento Clasificación Código de Barras Date last seen Número de copia Costo por reposición Tipo de recurso
  Biblioteca del Cogreso de los Estados Unidos     Biblioteca del Posgrado en Derecho Biblioteca del Posgrado en Derecho Colección Ernesto Villanueva 21/02/2023 Donación 1a ed. Ciencias Sociales y Administrativas KHA3015 R85 1998 BPD000001542 21/02/2023 1 1.00 Libro